00346nam a2200109Ia 4500008004100000082000800041100001600049245005300065942000600118952009700124999001500221240331s9999 xx 000 0 und d bHER aHerath, R.B 0aSri Lankan ethnic crisis :btowards a resolution cL 001040708LaWERCLbWERCLcSSCd2024-03-31l0o 954.9 HERp4808r2024-03-31w2024-03-31yL c3474d3474